| 000 | 00360 a2200109 4500 | ||
|---|---|---|---|
| 001 | ART_41543 | ||
| 005 | 20260410162023.0 | ||
| 008 | 260409a | ||
| 245 | 1 | 0 | _aEstados de emergencia y garantías de emergencia |
| 100 | 1 | _aSagües, Sofía | |
| 773 | 0 |
_tRevista Iberoamericana de derecho constitucional _g- Año I, Nº 1 (nov. 2003) _wREV41515 |
|
| 999 |
_c33283 _d33283 |
||